[Event "DRUGA LIGA SRBIJE-GRUPA VOJVODINA 2016"]
[Site "Kac"]
[Date "2016.11.19"]
[Round "6.1"]
[White "Csonka, Balazs"]
[Black "Petrusic, Velimir"]
[Result "1-0"]
[WhiteElo "2398"]
[BlackElo "2176"]
[PlyCount "67"]
[EventDate "2016.11.15"]

1. Nf3 d5 2. c4 e6 3. g3 f5 4. Bg2 c6 5. O-O Nf6 6. d3 Be7 7. b3 a5 8. Nc3 O-O
9. Bb2 Na6 10. Re1 Nc5 11. Rc1 Qb6 12. Ba3 Nce4 13. Bxe7 Qxf2+ 14. Kh1 Ng4 15.
dxe4 Ne3 16. Rg1 Nxd1 17. Nxd1 Qb6 18. Bxf8 Kxf8 19. exd5 exd5 20. cxd5 cxd5
21. Nc3 Be6 22. Ng5 Rd8 23. Nxh7+ Kg8 24. Ng5 d4 25. Na4 Qd6 26. Rc5 Bd7 27.
Rxa5 Qa3 28. Rd5 Qe7 29. Nc5 Bc6 30. Rxd8+ Qxd8 31. Bxc6 bxc6 32. Nge6 Qd5+ 33.
Rg2 Qe5 34. h4 1-0

[Event "DRUGA LIGA SRBIJE-GRUPA VOJVODINA 2016"]
[Site "Kac"]
[Date "2016.11.19"]
[Round "6.1"]
[White "Mandic, Milenko"]
[Black "Kopasz, Robert"]
[Result "0-1"]
[WhiteElo "1894"]
[BlackElo "2260"]
[PlyCount "86"]
[EventDate "2016.11.15"]

1. d4 g6 2. Nf3 Bg7 3. c3 Nf6 4. Bf4 d6 5. e3 Nh5 6. Bg5 h6 7. Bh4 g5 8. Nfd2
Nf6 9. Bg3 Nc6 10. Bb5 Bd7 11. Na3 a6 12. Ba4 e5 13. dxe5 dxe5 14. O-O Qe7 15.
Qc2 Nh5 16. Rad1 O-O 17. Nf3 b5 18. Bb3 Na5 19. Bxe5 Nxb3 20. Bxg7 Nxg7 21.
axb3 Bg4 22. Qe2 Ne6 23. Rfe1 Rfe8 24. h3 Nf4 25. Qf1 Nxh3+ 26. Kh2 Qf6 27. Rd4
Bxf3 28. gxf3 Qxf3 29. Rd2 Re4 30. Qg2 Qh5 31. Qxh3 Rh4 32. Qxh4 Qxh4+ 33. Kg2
Qg4+ 34. Kf1 Re8 35. Nc2 Qh3+ 36. Ke2 g4 37. Kd1 h5 38. Rg1 Qh2 39. Rg3 f5 40.
Ne1 h4 41. Rg2 Qh1 42. Rd5 h3 43. Rg3 Qxd5+ 0-1

[Event "DRUGA LIGA SRBIJE-GRUPA VOJVODINA 2016"]
[Site "Kac"]
[Date "2016.11.19"]
[Round "6.1"]
[White "Radic, Slavko"]
[Black "Kecskemeti, Arpad"]
[Result "0-1"]
[WhiteElo "2057"]
[BlackElo "2216"]
[PlyCount "62"]
[EventDate "2016.11.15"]

1. c4 Nf6 2. Nf3 g6 3. g3 Bg7 4. Bg2 O-O 5. O-O d6 6. Nc3 e5 7. d3 Ne8 8. e4 f5
9. Bg5 Nf6 10. exf5 gxf5 11. Nd5 c6 12. Nxf6+ Bxf6 13. Bxf6 Qxf6 14. Qb3 Kh8
15. Nh4 Na6 16. f4 Nc5 17. Qc2 e4 18. dxe4 fxe4 19. Kh1 Qd4 20. b3 Nd3 21. Rad1
d5 22. Qe2 Bd7 23. f5 Rf6 24. Bh3 dxc4 25. bxc4 c5 26. Nf3 Qxc4 27. Ng5 Bc6 28.
Bg2 Re8 29. Rf4 h6 30. Nxe4 Rxe4 31. Qxd3 Re1+ 0-1

[Event "DRUGA LIGA SRBIJE-GRUPA VOJVODINA 2016"]
[Site "Kac"]
[Date "2016.11.19"]
[Round "6.1"]
[White "Nagy, Attila N"]
[Black "Kovacevic, Nikola R"]
[Result "1-0"]
[WhiteElo "2185"]
[BlackElo "1698"]
[PlyCount "59"]
[EventDate "2016.11.15"]

1. Nf3 e6 2. g3 d5 3. Bg2 Nf6 4. O-O c5 5. c4 Be7 6. cxd5 exd5 7. d4 cxd4 8.
Nxd4 Nc6 9. Nc3 h6 10. Be3 a6 11. Rc1 O-O 12. Na4 Ne5 13. Bf4 Bd6 14. Nc3 Ng6
15. Bxd6 Qxd6 16. Nb3 Rd8 17. Qd4 Ne7 18. Rfd1 Nf5 19. Qc5 Qxc5 20. Nxc5 b6 21.
Nxd5 Rxd5 22. Rxd5 Nxd5 23. Bxd5 Rb8 24. Nb3 Ne7 25. Bc4 b5 26. Bd3 Be6 27. Nc5
Bxa2 28. Nxa6 Rb6 29. Nb4 Be6 30. Rc5 1-0

[Event "DRUGA LIGA SRBIJE-GRUPA VOJVODINA 2016"]
[Site "Kac"]
[Date "2016.11.19"]
[Round "6.2"]
[White "Ukropina, Darko"]
[Black "Babic, Djordje"]
[Result "1/2-1/2"]
[WhiteElo "2024"]
[BlackElo "2038"]
[PlyCount "119"]
[EventDate "2016.11.15"]

1. d4 d5 2. Nf3 f5 3. Nc3 Nf6 4. h3 e6 5. a3 c5 6. dxc5 Bxc5 7. Bg5 O-O 8. e3
Nc6 9. Be2 a6 10. O-O Kh8 11. b4 Bd6 12. b5 Ne5 13. Nd4 Qc7 14. Na4 Ne4 15. Bf4
Qa5 16. f3 Nc3 17. Nxc3 Qxc3 18. bxa6 bxa6 19. Qe1 Qc7 20. Qg3 Rf6 21. Rfc1 Rg6
22. Qh2 Nf7 23. Bxd6 Nxd6 24. c4 dxc4 25. Bxc4 Qe7 26. Nc6 Qf8 27. Bd3 Rf6 28.
Ne5 Nf7 29. Rc7 Nxe5 30. Qxe5 Rf7 31. Rac1 Bd7 32. Qc3 h6 33. Bc4 Qd6 34. Bd3
Rd8 35. Be2 f4 36. e4 Qb6+ 37. Qc5 Qb2 38. Rc2 Qf6 39. Bxa6 e5 40. Bc4 Rff8 41.
Rd2 Ba4 42. Rxd8 Rxd8 43. Rc8 Rxc8 44. Qxc8+ Kh7 45. Be6 Kg6 46. Qc4 Be8 47.
Bf5+ Kg5 48. Qe6 Qxe6 49. Bxe6 Ba4 50. Kf2 Kh4 51. Bc4 g5 52. Be6 Kh5 53. g3
Kg6 54. g4 Kf6 55. Bc4 Ke7 56. Ke2 Kd6 57. Kd2 Kc5 58. Be2 Kd4 59. Ba6 Bc6 60.
Be2 1/2-1/2

[Event "DRUGA LIGA SRBIJE-GRUPA VOJVODINA 2016"]
[Site "Kac"]
[Date "2016.11.19"]
[Round "6.2"]
[White "Milankov, Vladimir"]
[Black "Veljkovic, Vojislav"]
[Result "0-1"]
[WhiteElo "1963"]
[BlackElo "2180"]
[PlyCount "58"]
[EventDate "2016.11.15"]

1. e4 e6 2. d4 d5 3. exd5 exd5 4. Bd3 Nf6 5. Ne2 Bg4 6. f3 Bh5 7. O-O Bd6 8.
Bf4 O-O 9. c3 Re8 10. Re1 Rxe2 11. Rxe2 Bxf4 12. Nd2 Nbd7 13. Nf1 c5 14. dxc5
Nxc5 15. Bc2 Qb6 16. Kh1 Rd8 17. Qd4 Bc7 18. Rae1 Ne6 19. Qa4 Bg6 20. b4 d4 21.
cxd4 Rxd4 22. a3 a6 23. g3 Qd6 24. Kg2 a5 25. Ne3 axb4 26. axb4 Rxb4 27. Qa8+
Qd8 28. Qa3 Rd4 29. Qc3 Ba5 0-1

[Event "DRUGA LIGA SRBIJE-GRUPA VOJVODINA 2016"]
[Site "Kac"]
[Date "2016.11.19"]
[Round "6.2"]
[White "Savanovic, Vuk"]
[Black "Vujovic, Milorad M"]
[Result "1-0"]
[WhiteElo "2284"]
[BlackElo "2069"]
[PlyCount "89"]
[EventDate "2016.11.15"]

1. e4 c6 2. d4 d5 3. Nc3 dxe4 4. Nxe4 Bf5 5. Ng3 Bg6 6. h4 h6 7. Nf3 Nd7 8. Bd3
Bxd3 9. Qxd3 Ngf6 10. Bd2 e6 11. O-O-O Bd6 12. Ne4 Nxe4 13. Qxe4 Nf6 14. Qe2
Qc7 15. Kb1 O-O-O 16. c4 c5 17. Bc3 Rhe8 18. dxc5 Qxc5 19. Ne5 Bxe5 20. Bxe5
Rxd1+ 21. Rxd1 Rd8 22. Rxd8+ Kxd8 23. Qd3+ Ke7 24. Qd4 Qxd4 25. Bxd4 a6 26. Kc2
g6 27. Kd3 Nd7 28. Be3 h5 29. c5 e5 30. Kc4 Ke6 31. b4 f5 32. a4 f4 33. Bd2 Kf5
34. b5 axb5+ 35. Kxb5 e4 36. c6 bxc6+ 37. Kxc6 Ne5+ 38. Kd5 Nd3 39. a5 Nxf2 40.
a6 e3 41. Ba5 Nd3 42. a7 e2 43. a8=Q e1=Q 44. Bxe1 Nxe1 45. Qc8+ 1-0

[Event "DRUGA LIGA SRBIJE-GRUPA VOJVODINA 2016"]
[Site "Kac"]
[Date "2016.11.19"]
[Round "6.2"]
[White "Vincilov, Dusan"]
[Black "Omorjan, Dejan"]
[Result "0-1"]
[WhiteElo "2277"]
[BlackElo "2235"]
[PlyCount "118"]
[EventDate "2016.11.15"]

1. d4 Nf6 2. Nf3 g6 3. e3 Bg7 4. Nbd2 O-O 5. Bd3 d6 6. Qe2 Nbd7 7. O-O e5 8. c3
Qe7 9. e4 c6 10. Re1 Re8 11. Nf1 Nf8 12. Ng3 Qc7 13. h3 Ne6 14. Qc2 Bd7 15. Be3
Rad8 16. Rad1 Bc8 17. Bf1 Nd7 18. Qd2 d5 19. exd5 cxd5 20. dxe5 Nxe5 21. Nd4
Nc4 22. Bxc4 dxc4 23. Nge2 Be5 24. Qc1 a6 25. Rf1 Nc5 26. Bh6 Nd3 27. Qd2 b5
28. Rb1 Bb7 29. b3 Ba8 30. bxc4 bxc4 31. f4 Bd6 32. Nc1 Nc5 33. Nce2 Ne4 34.
Qe1 Bc5 35. Kh2 Qd7 36. Rd1 Qb7 37. Rg1 Be7 38. Rb1 Qd5 39. Rb2 Qh5 40. Bg5
Nxg5 41. fxg5 Bd6+ 42. g3 Qxg5 43. Qf2 Qe3 44. Rf1 Qxf2+ 45. Rxf2 Bc5 46. Rf6
Bxd4 47. Nxd4 Re1 48. g4 Rde8 49. Rxa6 Bd5 50. Rd6 Be4 51. Rdb6 h5 52. Rb8 Rxb8
53. Rxb8+ Kg7 54. Re8 h4 55. Rxe4 Rxe4 56. Kg2 Re3 57. a4 Rxc3 58. a5 Ra3 59.
Nc6 c3 0-1

[Event "DRUGA LIGA SRBIJE-GRUPA VOJVODINA 2016"]
[Site "Kac"]
[Date "2016.11.19"]
[Round "6.2"]
[White "Krejic, Igor"]
[Black "Tomic, Zivan"]
[Result "1/2-1/2"]
[WhiteElo "2235"]
[BlackElo "2058"]
[PlyCount "129"]
[EventDate "2016.11.15"]

1. e4 d5 2. exd5 Qxd5 3. Nc3 Qa5 4. d4 e5 5. Nf3 Bg4 6. Be2 Bb4 7. O-O Bxc3 8.
bxc3 e4 9. Ne5 Be6 10. c4 Nd7 11. Bd2 Qa4 12. Bf4 Ngf6 13. Nxd7 Qxd7 14. d5 Bf5
15. Be5 O-O 16. h4 Ng4 17. Bd4 Rfe8 18. Qc1 Qd6 19. Bxg4 Bxg4 20. Rb1 Qg6 21.
Re1 b6 22. Qf4 Bf3 23. g3 Qg4 24. Qxg4 Bxg4 25. Be3 f6 26. Bf4 Rac8 27. Rb3 Bf3
28. Ra3 a5 29. c5 Red8 30. c4 h6 31. Be3 b5 32. cxb5 Rxd5 33. Rc3 g5 34. Kh2
Kf7 35. Rcc1 gxh4 36. gxh4 Rh5 37. Kh3 f5 38. Rg1 Bg4+ 39. Rxg4 fxg4+ 40. Kxg4
Rd5 41. Bxh6 Rb8 42. a4 Rd4 43. Bf4 Rxa4 44. b6 e3 45. fxe3 cxb6 46. Kf5 Rc8
47. c6 Rb4 48. c7 Rb5+ 49. Be5 Re8 50. c8=Q Rbxe5+ 51. Kf4 Re4+ 52. Kg5 R8e5+
53. Qf5+ Rxf5+ 54. Kxf5 Rxh4 55. Rc7+ Ke8 56. e4 a4 57. e5 Rh1 58. Ra7 b5 59.
Ra5 Rh5+ 60. Ke6 Rh6+ 61. Kd5 Rb6 62. Kc5 Rb8 63. Ra7 Rd8 64. e6 a3 65. Kxb5
1/2-1/2

[Event "DRUGA LIGA SRBIJE-GRUPA VOJVODINA 2016"]
[Site "Kac"]
[Date "2016.11.19"]
[Round "6.2"]
[White "Ilicin, Mladen"]
[Black "Cvetanovic, Damjan"]
[Result "1/2-1/2"]
[WhiteElo "2051"]
[BlackElo "2050"]
[PlyCount "50"]
[EventDate "2016.11.15"]

1. e4 e6 2. d4 d5 3. exd5 exd5 4. Bd3 Nc6 5. c3 Bd6 6. Nf3 Bg4 7. O-O Nge7 8.
h3 Bh5 9. Re1 Qd7 10. Nbd2 O-O-O 11. b4 g5 12. b5 Na5 13. Qa4 b6 14. Ne5 Bxe5
15. Rxe5 Bg6 16. Bf1 f6 17. Re1 Kb8 18. Nb3 Nb7 19. Qb4 Nf5 20. a4 Qd6 21. Qxd6
Nfxd6 22. Nd2 Rhe8 23. Ba3 Rxe1 24. Rxe1 Re8 25. Rc1 Bf7 1/2-1/2

[Event "DRUGA LIGA SRBIJE-GRUPA VOJVODINA 2016"]
[Site "Kac"]
[Date "2016.11.19"]
[Round "6.3"]
[White "Indjic, Dusan"]
[Black "Cabarkapa, Novak"]
[Result "0-1"]
[WhiteElo "2283"]
[BlackElo "2413"]
[PlyCount "50"]
[EventDate "2016.11.15"]

1. d4 Nf6 2. Bg5 Ne4 3. Bh4 d5 4. f3 Nd6 5. Nc3 Nf5 6. Bf2 e6 7. e4 Nh4 8. exd5
exd5 9. Qe2+ Be6 10. Qb5+ Nd7 11. O-O-O Nf5 12. Qxb7 Rb8 13. Qxa7 c6 14. Qa6
Be7 15. Qxc6 Qa5 16. Qa4 Bg5+ 17. Rd2 Qb6 18. Bb5 Nd6 19. Nxd5 Bxd5 20. Bxd7+
Kd8 21. Bh3 Qxb2+ 22. Kd1 Qb1+ 23. Ke2 Bc4+ 24. Rd3 Bxd3+ 25. Kxd3 Qd1+ 0-1

[Event "DRUGA LIGA SRBIJE-GRUPA VOJVODINA 2016"]
[Site "Kac"]
[Date "2016.11.19"]
[Round "6.3"]
[White "Desnica, Vladan"]
[Black "Vujadinovic, Goran"]
[Result "1-0"]
[WhiteElo "2224"]
[BlackElo "2338"]
[PlyCount "67"]
[EventDate "2016.11.15"]

1. c4 d6 2. Nc3 e5 3. g3 Nc6 4. Bg2 f5 5. e3 Nf6 6. Nge2 Be7 7. O-O O-O 8. b3
Qe8 9. f4 e4 10. d3 Nb4 11. dxe4 fxe4 12. a3 Nd3 13. Nxe4 Nxc1 14. Rxc1 Ng4 15.
Qd2 Kh8 16. h3 Nh6 17. g4 c6 18. N4g3 Bd7 19. Kh2 Rd8 20. Qb2 Bxg4 21. hxg4
Nxg4+ 22. Kg1 Nxe3 23. Rf3 Nxg2 24. Kxg2 d5 25. cxd5 cxd5 26. Rf2 Bf6 27. Qd2
Qe7 28. b4 g6 29. Qd3 Qe6 30. Rh1 Rg8 31. f5 gxf5 32. Rxf5 Rg6 33. Rfh5 Be5 34.
Rxe5 1-0

[Event "DRUGA LIGA SRBIJE-GRUPA VOJVODINA 2016"]
[Site "Kac"]
[Date "2016.11.19"]
[Round "6.3"]
[White "Stanojevic, Branko"]
[Black "Banovic, Ivan"]
[Result "1/2-1/2"]
[WhiteElo "2221"]
[BlackElo "2208"]
[PlyCount "123"]
[EventDate "2016.11.15"]

1. c4 g6 2. d4 Bg7 3. Nc3 Nf6 4. e4 d6 5. Be2 O-O 6. Bg5 h6 7. Be3 Nbd7 8. Qd2
Kh7 9. g4 c5 10. dxc5 Nxc5 11. f3 Qa5 12. Rb1 Ne6 13. b4 Qd8 14. h4 a5 15. b5
Nd7 16. Nh3 Nec5 17. h5 g5 18. Nf2 Be5 19. O-O e6 20. Bd4 Bf4 21. Be3 Be5 22.
Rbd1 Qf6 23. Bd4 Rd8 24. Kg2 b6 25. Nh1 Bb7 26. Qe3 Qf4 27. Qxf4 Bxf4 28. Nf2
Kg8 29. Nd3 Nxd3 30. Bxd3 Nc5 31. Bc2 Be5 32. Rf2 Bxd4 33. Rxd4 Kf8 34. Kg3 Ke7
35. Rd1 e5 36. Rfd2 Rac8 37. Bb3 Rc7 38. Kf2 Rcc8 39. Rc1 Ra8 40. Nd1 Bc8 41.
Ne3 Be6 42. Bd1 Ra7 43. Rc3 Rc7 44. Be2 Ra7 45. Bd1 Rc7 46. Rc1 Ra7 47. Be2 Rc7
48. Nd1 Na4 49. Ne3 Nc5 50. Rdc2 Ra7 51. Nd1 Na4 52. Ke3 Rc7 53. Kd2 Rdc8 54.
Ne3 Rd8 55. Rb1 Rdc8 56. Bd3 Rd8 57. Rbc1 Rdc8 58. Nd5+ Bxd5 59. exd5 Nc5 60.
Bf5 Rg8 61. Re1 Kf6 62. Ke3 1/2-1/2

[Event "DRUGA LIGA SRBIJE-GRUPA VOJVODINA 2016"]
[Site "Kac"]
[Date "2016.11.19"]
[Round "6.3"]
[White "Ilincic, Aleksa"]
[Black "Mijatovic, Dejan"]
[Result "0-1"]
[WhiteElo "2161"]
[BlackElo "2248"]
[PlyCount "62"]
[EventDate "2016.11.15"]

1. e4 c5 2. c3 d6 3. Nf3 Nf6 4. h3 g6 5. Bd3 Bg7 6. O-O O-O 7. Bc2 Nc6 8. d4
cxd4 9. cxd4 e5 10. Re1 d5 11. dxe5 Nxe4 12. Nbd2 Bf5 13. Nf1 Be6 14. Bf4 Qb6
15. Re2 Rfd8 16. Bb3 Nc5 17. Bc2 d4 18. Rd2 d3 19. Bb1 Bc4 20. Ng3 Qa6 21. h4
Ne6 22. Be3 Nxe5 23. Nxe5 Bxe5 24. Ne4 Qc6 25. Qf3 f5 26. Ng5 Bd5 27. Qd1 f4
28. Rxd3 Nxg5 29. hxg5 fxe3 30. fxe3 Rd6 31. a3 Be6 0-1

[Event "DRUGA LIGA SRBIJE-GRUPA VOJVODINA 2016"]
[Site "Kac"]
[Date "2016.11.19"]
[Round "6.3"]
[White "Kovacevic, Dragan"]
[Black "Torbica, Milos"]
[Result "1-0"]
[WhiteElo "2235"]
[BlackElo "2237"]
[PlyCount "81"]
[EventDate "2016.11.15"]

1. e4 e6 2. d4 d5 3. exd5 exd5 4. Bd3 Bd6 5. c3 Qf6 6. Qf3 Be6 7. Be3 Nd7 8.
Nd2 Ne7 9. Qxf6 Nxf6 10. Ne2 O-O-O 11. Nf3 h6 12. h3 Bf5 13. Rd1 Be4 14. Kd2 g5
15. Ne1 Nf5 16. f3 Bxd3 17. Nxd3 Nxe3 18. Kxe3 h5 19. Kf2 Rde8 20. Ng3 Bxg3+
21. Kxg3 Re2 22. h4 gxh4+ 23. Rxh4 Rg8+ 24. Kf4 Rexg2 25. Re1 Rd2 26. Re3 c6
27. Ne5 Nd7 28. Nxf7 Rxb2 29. Rxh5 Rxa2 30. Re7 Rag2 31. Rh7 Rf8 32. Ke3 Rg6
33. Rxd7 Kxd7 34. Ne5+ Ke6 35. Nxg6 Rb8 36. Kf4 a5 37. Kg5 a4 38. f4 a3 39. f5+
Kd6 40. Ne5 Rg8+ 41. Kf4 1-0

[Event "DRUGA LIGA SRBIJE-GRUPA VOJVODINA 2016"]
[Site "Kac"]
[Date "2016.11.19"]
[Round "6.4"]
[White "Sekulic, Dusan"]
[Black "Pezelj, Novak"]
[Result "0-1"]
[WhiteElo "2218"]
[BlackElo "2447"]
[PlyCount "64"]
[EventDate "2016.11.15"]

1. d4 d5 2. Nf3 Nf6 3. c4 e6 4. e3 Be7 5. Nbd2 O-O 6. Bd3 c5 7. O-O Nc6 8. a3
cxd4 9. exd4 b6 10. b4 dxc4 11. Nxc4 a6 12. Re1 Bb7 13. Bb2 b5 14. Ncd2 a5 15.
bxa5 b4 16. Nb3 Nxa5 17. Nc5 bxa3 18. Rxa3 Bd5 19. Ne5 Nb7 20. Rxa8 Qxa8 21.
Ncd7 Nxd7 22. Nxd7 Rd8 23. Nb6 Qa5 24. Nxd5 Qxd5 25. Re5 Qd7 26. Qh5 h6 27. Bb5
Qc7 28. d5 Bf6 29. Qe2 Bxe5 30. Bxe5 Qc1+ 31. Qf1 Qxf1+ 32. Bxf1 Rxd5 0-1

[Event "DRUGA LIGA SRBIJE-GRUPA VOJVODINA 2016"]
[Site "Kac"]
[Date "2016.11.19"]
[Round "6.4"]
[White "Varga, Zoltan"]
[Black "Mastrapovic, Vladimir"]
[Result "1-0"]
[WhiteElo "2418"]
[BlackElo "2289"]
[PlyCount "57"]
[EventDate "2016.11.15"]

1. e4 c5 2. Nf3 Nc6 3. Bb5 e6 4. O-O Nge7 5. Re1 a6 6. Bf1 Ng6 7. d4 cxd4 8.
Nxd4 e5 9. Nb3 d6 10. c4 Nf4 11. Nc3 g6 12. Be3 Bg7 13. Qd2 O-O 14. Rad1 Ne6
15. Qxd6 Qh4 16. Qd2 Ncd4 17. f3 Bd7 18. Nd5 Ba4 19. Nxd4 exd4 20. Bf2 Qd8 21.
b3 Bd7 22. f4 f5 23. exf5 gxf5 24. g3 b5 25. Qb4 Re8 26. Qd6 Ra7 27. Bd3 Bf8
28. Qb6 Qa8 29. Nf6+ 1-0

[Event "DRUGA LIGA SRBIJE-GRUPA VOJVODINA 2016"]
[Site "Kac"]
[Date "2016.11.19"]
[Round "6.4"]
[White "Zegarac, Vuk"]
[Black "Farkas, Tibor"]
[Result "1/2-1/2"]
[WhiteElo "2233"]
[BlackElo "2272"]
[PlyCount "28"]
[EventDate "2016.11.15"]

1. d4 Nf6 2. Nc3 d5 3. Bg5 Nbd7 4. Qd3 h6 5. Bh4 e6 6. e4 dxe4 7. Nxe4 Be7 8.
Nxf6+ Bxf6 9. Bxf6 Qxf6 10. Nf3 O-O 11. O-O-O b6 12. Qe4 Rb8 13. Bd3 g6 14. Qe3
Kg7 1/2-1/2

[Event "DRUGA LIGA SRBIJE-GRUPA VOJVODINA 2016"]
[Site "Kac"]
[Date "2016.11.19"]
[Round "6.4"]
[White "Kumic, Filip"]
[Black "Vujasinovic, Mihajlo"]
[Result "1-0"]
[WhiteElo "2313"]
[BlackElo "2133"]
[PlyCount "111"]
[EventDate "2016.11.15"]

1. Nf3 Nf6 2. c4 c5 3. Nc3 Nc6 4. d4 cxd4 5. Nxd4 g6 6. Nc2 d6 7. e4 Bg7 8. Be2
Bd7 9. O-O O-O 10. Be3 Rc8 11. f3 Qc7 12. Rc1 Qb8 13. Qd2 Rfd8 14. Rfd1 Be8 15.
b3 b6 16. Bg5 Bd7 17. Nd5 Be6 18. Qf4 Nh5 19. Qh4 f6 20. Be3 Bf8 21. Kh1 Bf7
22. g4 Ng7 23. Nd4 Nxd4 24. Bxd4 g5 25. Qg3 Ne6 26. Be3 Qb7 27. h4 h6 28. Kg2
Bg7 29. b4 Kf8 30. a4 Nc7 31. Qf2 e6 32. Nxc7 Rxc7 33. c5 bxc5 34. Bxc5 Kg8 35.
b5 Rdd7 36. Be3 e5 37. hxg5 hxg5 38. Rxc7 Qxc7 39. b6 axb6 40. Bb5 Re7 41. Bxb6
Qb8 42. Bc6 Bf8 43. a5 Bc4 44. Qc2 Be6 45. Qf2 Bc4 46. Rc1 Ba6 47. Qa2+ Kh7 48.
Kg3 Qc8 49. Rh1+ Bh6 50. Qd5 Kg6 51. Bb5 Bxb5 52. Qxb5 Qa8 53. a6 Bg7 54. Ra1
Bf8 55. a7 Re8 56. Qxe8+ 1-0

[Event "DRUGA LIGA SRBIJE-GRUPA VOJVODINA 2016"]
[Site "Kac"]
[Date "2016.11.19"]
[Round "6.4"]
[White "Moldovanovic, Dragan"]
[Black "Arbutina, Sinisa"]
[Result "1-0"]
[WhiteElo "2005"]
[BlackElo "2356"]
[PlyCount "71"]
[EventDate "2016.11.15"]

1. d4 d5 2. Nf3 Nf6 3. c4 c6 4. Nc3 dxc4 5. e3 Bf5 6. Bxc4 e6 7. O-O Be7 8. b3
O-O 9. Bb2 Nbd7 10. Qe2 Qa5 11. e4 Bg4 12. h3 Bh5 13. Qe3 e5 14. g4 Bg6 15.
Rad1 Rfe8 16. g5 Nh5 17. h4 Bd8 18. d5 Qc7 19. dxc6 bxc6 20. Na4 Nb6 21. Nxb6
axb6 22. a4 Nf4 23. Nxe5 Rxe5 24. Qc3 Qc8 25. Rxd8+ Qxd8 26. Qxe5 Nh5 27. f4
Ra5 28. Qd4 Qxd4+ 29. Bxd4 b5 30. axb5 cxb5 31. Bd5 Ng3 32. Re1 Ra2 33. Bf2
Ne2+ 34. Kf1 Nxf4 35. b4 Nd3 36. Bxa2 1-0

[Event "DRUGA LIGA SRBIJE-GRUPA VOJVODINA 2016"]
[Site "Kac"]
[Date "2016.11.19"]
[Round "6.4"]
[White "Vidic, Stevan"]
[Black "Stankovic, Milos M"]
[Result "1-0"]
[WhiteElo "2268"]
[BlackElo "1816"]
[PlyCount "107"]
[EventDate "2016.11.15"]

1. e4 e5 2. Nf3 Nc6 3. Bc4 Nf6 4. d3 Be7 5. O-O d6 6. c3 O-O 7. h3 a6 8. Bb3
Na5 9. Bc2 c5 10. Re1 b5 11. Nbd2 Qc7 12. Nf1 Re8 13. Ng3 h6 14. d4 cxd4 15.
cxd4 Nc6 16. Be3 Bf8 17. Rc1 Bd7 18. d5 Ne7 19. Qd2 a5 20. a3 Qb7 21. b4 axb4
22. Qxb4 Qa6 23. Ra1 Ng6 24. Bb3 Rec8 25. Rec1 Qa5 26. Qxa5 Rxc1+ 27. Bxc1 Rxa5
28. Ne1 Nf4 29. f3 N6h5 30. Nxh5 Nxh5 31. Nd3 g5 32. Bd2 Ra7 33. Bb4 f5 34. Rc1
Ng3 35. Re1 h5 36. Nf2 f4 37. Nh1 Nxh1 38. Kxh1 Rc7 39. Kg1 Be7 40. Kf1 Kf7 41.
Ke2 Rc8 42. Kd2 Rg8 43. Rh1 g4 44. hxg4 hxg4 45. Rh7+ Rg7 46. Rxg7+ Kxg7 47.
Bd1 g3 48. Be2 Kf8 49. Ba5 Ke8 50. Bc7 Kf7 51. Kc3 Ke8 52. Kb4 Bc8 53. Bxb5+
Kf7 54. a4 1-0

[Event "DRUGA LIGA SRBIJE-GRUPA VOJVODINA 2016"]
[Site "Kac"]
[Date "2016.11.19"]
[Round "6.5"]
[White "Czebe, Attila"]
[Black "Drazic, Sinisa"]
[Result "1-0"]
[WhiteElo "2482"]
[BlackElo "2415"]
[PlyCount "75"]
[EventDate "2016.11.15"]

1. Nf3 g6 2. e4 Bg7 3. d4 d6 4. Bc4 c6 5. Nc3 Nf6 6. Bb3 O-O 7. O-O a5 8. e5
Ne8 9. exd6 Nxd6 10. h3 Nf5 11. d5 Bxc3 12. bxc3 a4 13. Bc4 b5 14. Bd3 Qxd5 15.
Re1 Ra7 16. Bf4 Be6 17. g4 Ng7 18. Nd4 Qd7 19. Qe2 Na6 20. Bh6 Bd5 21. c4 bxc4
22. Bxc4 Bxc4 23. Qxc4 c5 24. Nb5 Rb7 25. Nc3 Nb4 26. Rad1 Qc6 27. Ne4 Qb5 28.
Qc3 f6 29. Bxg7 Kxg7 30. Nxc5 Rfb8 31. Nxb7 Rxb7 32. Rb1 a3 33. Re4 Nxa2 34.
Rxb5 Nxc3 35. Rxb7 Nxe4 36. Rxe7+ Kh6 37. Rxe4 a2 38. Ra4 1-0

[Event "DRUGA LIGA SRBIJE-GRUPA VOJVODINA 2016"]
[Site "Kac"]
[Date "2016.11.19"]
[Round "6.5"]
[White "Stojanovic, Mihajlo"]
[Black "Bulajic, Ratko"]
[Result "1-0"]
[WhiteElo "2503"]
[BlackElo "2331"]
[PlyCount "99"]
[EventDate "2016.11.15"]

1. d4 Nf6 2. c4 d6 3. Nc3 Nbd7 4. e4 e5 5. Nf3 c6 6. Be2 a5 7. O-O Be7 8. Be3
O-O 9. Qc2 Re8 10. Rad1 Qc7 11. Rfe1 a4 12. Bf1 Qa5 13. h3 exd4 14. Nxd4 g6 15.
Rb1 Bf8 16. b4 axb3 17. axb3 Qe5 18. Qd2 Nc5 19. f3 Ne6 20. Nc2 Nh5 21. Ne2 Ra2
22. Ra1 Rxa1 23. Rxa1 f5 24. exf5 gxf5 25. Ra5 c5 26. Ra1 f4 27. Bf2 Bg7 28.
Rd1 Qb2 29. Ne1 Qxd2 30. Rxd2 Be5 31. Nd3 Bf6 32. Rd1 Kf7 33. Be1 Nd4 34. Ndxf4
Nxf4 35. Nxf4 Nxb3 36. Bd3 Be5 37. Ne2 Nd4 38. Nxd4 Bxd4+ 39. Bf2 Bxf2+ 40.
Kxf2 Be6 41. Bxh7 Bxc4 42. Rxd6 Re2+ 43. Kg3 Rb2 44. Be4 Bf1 45. f4 b5 46. h4
Be2 47. f5 b4 48. f6 Bc4 49. h5 Re2 50. Bg6+ 1-0

[Event "DRUGA LIGA SRBIJE-GRUPA VOJVODINA 2016"]
[Site "Kac"]
[Date "2016.11.19"]
[Round "6.5"]
[White "Tancik, Kristijan"]
[Black "Rogac, Srdjan"]
[Result "1/2-1/2"]
[WhiteElo "2289"]
[BlackElo "2387"]
[PlyCount "50"]
[EventDate "2016.11.15"]

1. d4 Nf6 2. c4 e6 3. Nf3 Bb4+ 4. Nbd2 b6 5. a3 Bxd2+ 6. Qxd2 Bb7 7. e3 O-O 8.
Be2 d6 9. O-O Nbd7 10. b4 Ne4 11. Qc2 f5 12. d5 e5 13. Nd2 Nxd2 14. Bxd2 c6 15.
dxc6 Bxc6 16. Rfd1 Qg5 17. f3 Qg6 18. Be1 Qh6 19. Bf2 Rf6 20. e4 fxe4 21. fxe4
Qg6 22. Bd3 Rf4 23. Bg3 Rf6 24. Qe2 Re8 25. Qe3 h6 1/2-1/2

[Event "DRUGA LIGA SRBIJE-GRUPA VOJVODINA 2016"]
[Site "Kac"]
[Date "2016.11.19"]
[Round "6.5"]
[White "Radlovacki, Jovan"]
[Black "Tokovic, Svetozar"]
[Result "1-0"]
[WhiteElo "2328"]
[BlackElo "2258"]
[PlyCount "63"]
[EventDate "2016.11.15"]

1. e4 c5 2. Nf3 e6 3. d3 Nc6 4. g3 g6 5. Bg2 Bg7 6. O-O Nge7 7. c3 d5 8. Qe2
O-O 9. e5 h6 10. h4 b5 11. Bf4 b4 12. Nbd2 Ba6 13. c4 Na5 14. Rac1 Rc8 15. g4
Bb7 16. Rfd1 Nac6 17. cxd5 Nxd5 18. Bg3 Nb6 19. Ne4 Nd4 20. Nxd4 cxd4 21. Nd6
Rxc1 22. Rxc1 Bxg2 23. Kxg2 Nd5 24. Qf3 Qb8 25. Rc5 a6 26. Rc6 Qa8 27. Rc4 f5
28. exf6 Bxf6 29. Qe4 Kh8 30. Kh2 b3 31. axb3 Bg7 32. Qxg6 1-0

[Event "DRUGA LIGA SRBIJE-GRUPA VOJVODINA 2016"]
[Site "Kac"]
[Date "2016.11.19"]
[Round "6.5"]
[White "Roganovic, Nebojsa"]
[Black "Klasan, Vladimir"]
[Result "1/2-1/2"]
[WhiteElo "2180"]
[BlackElo "2387"]
[PlyCount "99"]
[EventDate "2016.11.15"]

1. e4 d5 2. exd5 Qxd5 3. Nc3 Qd6 4. d4 Nf6 5. Nf3 a6 6. Bd3 g6 7. h3 Bg7 8. O-O
O-O 9. Re1 Nc6 10. Be3 Nb4 11. Bc4 b5 12. Bb3 Bb7 13. Qe2 Nbd5 14. Nxd5 Nxd5
15. Rad1 e6 16. c3 Rab8 17. Qd2 Nxe3 18. Qxe3 Bxf3 19. Qxf3 c6 20. Rd3 a5 21.
Red1 Rfd8 22. h4 a4 23. Bc2 Qd5 24. Qxd5 Rxd5 25. a3 Rbd8 26. g3 Kf8 27. Kg2
Ke7 28. Kf3 Bh6 29. g4 Kd7 30. g5 Bf8 31. Ke2 Rf5 32. Rf3 Rxf3 33. Kxf3 Be7 34.
Ke3 h6 35. f4 hxg5 36. hxg5 Rh8 37. Be4 Rh2 38. Rd2 Rh3+ 39. Bf3 Bd6 40. Rg2 c5
41. dxc5 Bxc5+ 42. Ke4 Kc7 43. Re2 Bd6 44. Rg2 Kb6 45. Bg4 Rh1 46. Bf3 Kc5 47.
Bg4 Rf1 48. Bf3 Rb1 49. Rd2 Re1+ 50. Re2 1/2-1/2

[Event "DRUGA LIGA SRBIJE-GRUPA VOJVODINA 2016"]
[Site "Kac"]
[Date "2016.11.19"]
[Round "6.5"]
[White "Marinovic, Bozidar"]
[Black "Ivanovic, Miroslav"]
[Result "1-0"]
[WhiteElo "2375"]
[BlackElo "2067"]
[PlyCount "119"]
[EventDate "2016.11.15"]

1. e4 e5 2. Nf3 Nc6 3. Nc3 Nf6 4. Bb5 Nd4 5. Ba4 Bc5 6. Nxe5 O-O 7. Nd3 Bb6 8.
e5 Ne8 9. Nd5 d6 10. Ne3 c6 11. c3 Nf5 12. Bc2 Bc7 13. exd6 Nexd6 14. O-O Ne4
15. Ne1 Qd6 16. f4 Re8 17. Nxf5 Bxf5 18. d4 Qg6 19. Nf3 Bg4 20. Qd3 Bxf3 21.
Qxf3 f5 22. Be3 Re7 23. Rad1 Rae8 24. Rfe1 h5 25. Kf1 Qg4 26. Qxg4 fxg4 27. Bg1
g5 28. fxg5 Bxh2 29. Rxe4 Rxe4 30. Bxe4 Rxe4 31. Re1 Rxe1+ 32. Kxe1 Bg3+ 33.
Ke2 Kg7 34. Ke3 Kg6 35. Ke4 Bh4 36. Bh2 Bxg5 37. g3 h4 38. gxh4 Bxh4 39. c4 Bf6
40. b3 Bg5 41. Bg3 Bd8 42. d5 cxd5+ 43. cxd5 Bb6 44. Bb8 Kf6 45. Kf4 Ke7 46.
Kxg4 Bc5 47. Be5 a5 48. a4 Kd7 49. Kf5 Bb4 50. Ke4 b6 51. Bd4 Kc7 52. Kd3 Bd6
53. Ke4 Kb7 54. Kf5 Ka6 55. Ke6 Bb4 56. Bf6 b5 57. Be7 bxa4 58. bxa4 Kb7 59.
Bd6 Kb6 60. Bxb4 1-0